[Event "LAT-ch"]
[Site "Riga"]
[Date "2019.04.29"]
[Round "1"]
[White "Krivonosov, Oleg"]
[Black "Osis, Reinars"]
[Result "1-0"]
[WhiteElo "2398"]
[BlackElo "2168"]
[PlyCount "61"]
[EventDate "2019.04.29"]
[EventType "swiss"]
[EventRounds "9"]
[EventCountry "LAT"]
[SourceTitle "CBM 190 Extra"]
[Source "ChessBase"]
[SourceDate "2019.07.15"]
[SourceVersion "1"]
[SourceVersionDate "2019.07.15"]
[SourceQuality "1"]

1. Nf3 d5 2. d4 Nf6 3. c4 c6 4. cxd5 Qxd5 5. Nc3 Qa5 6. Bd2 g6 7. e3 Bg7 8. Bc4 0-0 9. 0-0 Qd8 10. h3 Nbd7 11. Qe2 Nb6 12. Bb3 Nfd5 13. e4 Nc7 14. Rfd1 Be6 15. Bxe6 Nxe6 16. Be3 f5 17. Ng5 Nxg5 18. Bxg5 h6 19. Bf4 Qd7 20. d5 fxe4 21. dxc6 Qxc6 22. Bg3 Rad8 23. Nxe4 Rxd1+ 24. Rxd1 Qe6 25. b3 Rc8 26. Qd3 Kh7 27. Kh2 Be5 28. Re1 Bxg3+ 29. Qxg3 Kg7 30. f3 Nd5 31. Nc3 1-0

[Event "LAT-ch"]
[Site "Riga"]
[Date "2017.05.01"]
[Round "2"]
[White "Kolasa, Pjotrs"]
[Black "Osis, Reinars"]
[Result "1-0"]
[WhiteElo "1936"]
[BlackElo "2161"]
[PlyCount "101"]
[EventDate "2017.04.30"]
[EventType "swiss"]
[EventRounds "9"]
[EventCountry "LAT"]
[SourceTitle "CBM 178 Extra"]
[Source "ChessBase"]
[SourceDate "2017.06.22"]
[SourceVersion "1"]
[SourceVersionDate "2017.06.22"]
[SourceQuality "1"]

1. d4 d5 2. c4 c6 3. Nf3 Nf6 4. Nc3 e6 5. e3 Nbd7 6. Qc2 Bd6 7. Bd3 dxc4 8. Bxc4 e5 9. 0-0 Qe7 10. Rd1 0-0 11. h3 e4 12. Ng5 Nb6 13. Bb3 Bf5 14. f3 Nbd5 15. Ncxe4 Nd7 16. Qf2 Bc7 17. Nc3 Qxg5 18. Nxd5 Bg3 19. Qf1 cxd5 20. e4 Qf6 21. exf5 Qxf5 22. Be3 Nf6 23. Qd3 Qd7 24. Bc2 g6 25. Qd2 Rfe8 26. Bf4 Bxf4 27. Qxf4 Kg7 28. Re1 Rac8 29. Bb3 Nh5 30. Qg5 Nf6 31. Qf4 h6 32. Re5 Re6 33. Rae1 Rce8 34. Qd2 Qb5 35. Kh2 Rd6 36. Qf4 Qd7 37. Rxe8 Nxe8 38. Rxe8 Rf6 39. Qb8 Rd6 40. Rg8+ Kf6 41. Qe8 Qe6 42. Qxe6+ fxe6 43. Rf8+ Ke7 44. Rh8 Rb6 45. Rxh6 Rb4 46. Rxg6 a5 47. Rg4 b5 48. h4 a4 49. h5 axb3 50. axb3 e5 51. h6 1-0

[Event "LAT-ch"]
[Site "Riga"]
[Date "2013.04.18"]
[Round "7"]
[White "Putka, Verner"]
[Black "Osis, Reinars"]
[Result "1-0"]
[WhiteElo "2321"]
[BlackElo "2143"]
[PlyCount "85"]
[EventDate "2013.04.13"]
[EventType "swiss"]
[EventRounds "9"]
[EventCountry "LAT"]
[SourceTitle "CBM 154 Extra"]
[Source "ChessBase"]
[SourceDate "2013.06.25"]
[SourceVersion "2"]
[SourceVersionDate "2013.06.25"]
[SourceQuality "1"]

1. e4 c5 2. Nf3 Nc6 3. d4 cxd4 4. Nxd4 g6 5. Be3 Bg7 6. Nc3 Nf6 7. Bc4 Qa5 8. 0-0 d6 9. f3 Bd7 10. Kh1 Rc8 11. Bb3 Ne5 12. Qd2 Nc4 13. Bxc4 Rxc4 14. Rad1 h5 15. Nde2 Rc8 16. Bd4 Kf8 17. f4 h4 18. Bxf6 Bxf6 19. e5 h3 20. exf6 hxg2+ 21. Kxg2 Qh5 22. fxe7+ Ke8 23. Kf2 Qxh2+ 24. Ke3 Qh3+ 25. Kd4 Be6 26. b3 Qf5 27. Ne4 Kxe7 28. N2g3 Qd5+ 29. Ke3 Qc6 30. c4 Rh3 31. Qd4 Rd8 32. Rh1 Rxh1 33. Rxh1 Kd7 34. Rh8 Rxh8 35. Qxh8 Kc7 36. Qd4 Qa6 37. a4 Qc6 38. Ne2 f5 39. Ng5 Bd7 40. Nf3 Be6 41. Nc3 a6 42. a5 Qe8 43. Kd2 1-0

[Event "LAT-ch"]
[Site "Riga"]
[Date "2013.04.15"]
[Round "4"]
[White "Osis, Reinars"]
[Black "Indricans, Olgerts"]
[Result "1-0"]
[WhiteElo "2143"]
[BlackElo "2120"]
[PlyCount "103"]
[EventDate "2013.04.13"]
[EventType "swiss"]
[EventRounds "9"]
[EventCountry "LAT"]
[SourceTitle "CBM 154 Extra"]
[Source "ChessBase"]
[SourceDate "2013.06.25"]
[SourceVersion "2"]
[SourceVersionDate "2013.06.25"]
[SourceQuality "1"]

1. d4 d5 2. Nf3 c6 3. Bf4 e6 4. e3 f5 5. Ne5 Nf6 6. Nd2 Be7 7. Bd3 0-0 8. 0-0 Nbd7 9. c3 Nxe5 10. Bxe5 Bd7 11. f3 Be8 12. Qb3 b6 13. Rae1 Nd7 14. Bf4 b5 15. Qc2 Bg5 16. Bd6 Be7 17. Bg3 Bh4 18. Bf2 Bxf2+ 19. Rxf2 Qf6 20. Ref1 Nb6 21. e4 Nc4 22. Bxc4 bxc4 23. exf5 exf5 24. b3 cxb3 25. Nxb3 f4 26. Nc5 Bg6 27. Qc1 Qd6 28. Re2 Rfe8 29. Rxe8+ Rxe8 30. Re1 Rb8 31. Qa3 Qd8 32. Qxa7 Ra8 33. Qb7 Rb8 34. Ne6 Rxb7 35. Nxd8 Ra7 36. Nxc6 Rxa2 37. Ne7+ Kf8 38. Nxd5 Rc2 39. Nxf4 Rxc3 40. Nxg6+ hxg6 41. Rd1 Rc2 42. h4 Ke7 43. d5 Kd6 44. Kh2 Rc4 45. Kh3 Ra4 46. Rd3 Rb4 47. g3 Ra4 48. f4 Ra7 49. Kg4 Rf7 50. Kg5 Rf6 51. Re3 Kxd5 52. Re7 1-0

[Event "LAT-ch"]
[Site "Riga"]
[Date "2013.04.13"]
[Round "1"]
[White "Sveshnikov, Vladimir"]
[Black "Osis, Reinars"]
[Result "1-0"]
[WhiteElo "2434"]
[BlackElo "2143"]
[PlyCount "53"]
[EventDate "2013.04.13"]
[EventType "swiss"]
[EventRounds "9"]
[EventCountry "LAT"]
[SourceTitle "CBM 154 Extra"]
[Source "ChessBase"]
[SourceDate "2013.06.25"]
[SourceVersion "2"]
[SourceVersionDate "2013.06.25"]
[SourceQuality "1"]

1. e4 c5 2. c3 Nf6 3. e5 Nd5 4. Nf3 e6 5. d4 cxd4 6. cxd4 Nc6 7. Bd3 Bb4+ 8. Bd2 Qb6 9. 0-0 Nxd4 10. Be4 Nxf3+ 11. Qxf3 0-0 12. Qd3 Kh8 13. Bxd5 exd5 14. Bxb4 Qxb4 15. Qxd5 Qxb2 16. Nd2 d6 17. Qxd6 Re8 18. Nc4 Qe2 19. Qd4 Kg8 20. f4 Be6 21. Nd6 Re7 22. Rf2 Qa6 23. f5 Bd7 24. f6 Re6 25. Nf5 Rd8 26. Nh6+ Kf8 27. Qb4+ 1-0

[Event "Baltija Cup"]
[Site "Palanga"]
[Date "2012.06.20"]
[Round "2"]
[White "Poska, Karolis"]
[Black "Osis, Reinars"]
[Result "0-1"]
[WhiteElo "1887"]
[BlackElo "2202"]
[PlyCount "72"]
[EventDate "2012.06.19"]
[EventType "swiss"]
[EventRounds "8"]
[EventCountry "LTU"]
[SourceTitle "CBM 149 Extra"]
[Source "ChessBase"]
[SourceDate "2012.08.24"]
[SourceVersion "1"]
[SourceVersionDate "2012.08.24"]
[SourceQuality "1"]

1. e4 c5 2. Nf3 Nc6 3. d4 cxd4 4. Nxd4 g6 5. c4 Bg7 6. Be3 Nf6 7. Nc3 Ng4 8. Qxg4 Nxd4 9. Qd1 Ne6 10. Rc1 b6 11. Be2 Bb7 12. f3 g5 13. Qd2 Rg8 14. 0-0 Be5 15. Nd5 Qb8 16. h3 Nf4 17. Nb4 Qd6 18. Bxf4 Bxf4 19. Qxd6 Bxd6 20. Nd3 Rc8 21. Kf2 h5 22. g3 h4 23. g4 Bg3+ 24. Ke3 Rg6 25. f4 Re6 26. Bf3 f6 27. fxg5 fxg5 28. Bg2 Rf6 29. Rxf6 exf6 30. Rc2 a5 31. b4 Ba6 32. bxa5 bxa5 33. Kd4 d6 34. c5 Kd7 35. Rc1 Ke6 36. cxd6 Bf2+ 0-1

[Event "Riga RTU op-A"]
[Site "Riga"]
[Date "2011.08.09"]
[Round "1"]
[White "Ehlvest, Jaan"]
[Black "Osis, Reinars"]
[Result "1-0"]
[WhiteElo "2583"]
[BlackElo "2178"]
[PlyCount "47"]
[EventDate "2011.08.09"]
[EventType "swiss"]
[EventRounds "9"]
[EventCountry "LAT"]
[SourceTitle "EXT 2012"]
[Source "ChessBase"]
[SourceDate "2011.11.24"]
[SourceVersion "1"]
[SourceVersionDate "2011.11.24"]
[SourceQuality "1"]

1. e4 c5 2. Nc3 g6 3. Nf3 Bg7 4. d4 cxd4 5. Nxd4 Nc6 6. Be3 Nf6 7. Bc4 Qa5 8. 0-0 Ng4 9. Qxg4 Nxd4 10. Qd1 Ne6 11. Nd5 Bxb2 12. Rb1 Bg7 13. f4 Nc7 14. Bb6 axb6 15. Nxc7+ Kd8 16. Nxa8 Qc5+ 17. Kh1 Qxc4 18. e5 b5 19. Nb6 Qc5 20. Nxc8 Kxc8 21. Qd3 b4 22. c3 Rd8 23. cxb4 Qb6 24. Qc4+ 1-0